| 000 | 00617nam a2200205 i 4500 | ||
|---|---|---|---|
| 001 | 16427 | ||
| 003 | ES-MaACL | ||
| 007 | t| | ||
| 008 | 000919s1882 fr ||||1| fre d | ||
| 080 | _a908.494 | ||
| 100 | 1 |
_aGourdault, Jules. _959353 |
|
| 245 | 1 | 3 |
_aLa Suisse pittoresque / _cpar Jules Gourdault. |
| 260 |
_aParis : _bHachette, _c1882. |
||
| 300 |
_a320 p. : _bil. ; _c24 cm. |
||
| 490 | 1 | _aBibliothèque des écoles et des familles | |
| 651 | 4 |
_aSuiza- _xDescripción. _99416 |
|
| 830 | 0 |
_aBibliothèque des écoles et des familles _9182248 |
|
| 852 |
_aES-MaACL _jG-2166 _bR.124571 |
||
| 999 |
_c16427 _d16427 |
||